[Event "NOR-chT Elite 1920"]
[Site "Norway"]
[Date "2019.11.03"]
[Round "3.1"]
[White "Aulin Jansson, Joran"]
[Black "Astrup, Kim"]
[Result "1/2-1/2"]
[WhiteElo "2226"]
[BlackElo "2211"]
[PlyCount "111"]
[EventDate "2019.11.01"]
[EventType "team-tourn"]
[EventRounds "9"]
[EventCountry "NOR"]
[SourceTitle "CBM 194 Extra"]
[Source "ChessBase"]
[SourceDate "2020.03.31"]
[SourceVersion "1"]
[SourceVersionDate "2020.03.31"]
[SourceQuality "1"]
[WhiteTeam "Asker"]
[BlackTeam "SOSS"]
[WhiteTeamCountry "NOR"]
[BlackTeamCountry "NOR"]

1. e4 e5 2. Nf3 Nc6 3. Bb5 a6 4. Bxc6 dxc6 5. Nc3 f6 6. 0-0 Bg4 7. h3 Bh5 8. d3 Bd6 9. Be3 c5 10. g4 Bf7 11. Nd2 Ne7 12. Nc4 g5 13. Qf3 Ng6 14. Nd5 Nf4 15. Bxf4 gxf4 16. Rfe1 h5 17. Kf1 c6 18. Ndb6 Rb8 19. a4 a5 20. Nxd6+ Qxd6 21. Nc4 Qc7 22. Ke2 Ke7 23. b3 Ra8 24. Rg1 hxg4 25. hxg4 b5 26. Nd2 Rag8 27. Rh1 Rxh1 28. Rxh1 Qc8 29. Rh4 Be6 30. Qh1 Bxg4+ 31. f3 Be6 32. Rh7+ Bf7 33. Nf1 Qd8 34. Qh5 Rg2+ 35. Kd1 Qg8 36. Nh2 Rg7 37. Rxg7 Qxg7 38. Qg4 Qxg4 39. Nxg4 c4 40. b4 bxa4 41. bxa5 a3 42. Kc1 c3 43. Kb1 Kd6 44. Nxf6 a2+ 45. Ka1 Bb3 46. a6 Kc7 47. a7 Kb7 48. Nd7 Kxa7 49. Nxe5 Bxc2 50. Kxa2 c5 51. Ng6 c4 52. dxc4 Bxe4 53. Ne5 Bc2 54. Nc6+ Kb6 55. Nb4 Bd1 56. Nd3 1/2-1/2

[Event "NOR-chT 1213"]
[Site "Norway"]
[Date "2013.04.06"]
[Round "8"]
[White "Astrup, Kim"]
[Black "Stanford, Sheila Barth"]
[Result "1/2-1/2"]
[WhiteElo "2256"]
[BlackElo "2243"]
[PlyCount "51"]
[EventDate "2012.11.02"]
[EventType "team-tourn"]
[EventRounds "9"]
[EventCountry "NOR"]
[SourceTitle "EXT 2014"]
[Source "ChessBase"]
[SourceDate "2013.11.20"]
[SourceVersion "1"]
[SourceVersionDate "2013.11.20"]
[SourceQuality "1"]
[WhiteTeam "SOSS"]
[BlackTeam "Black Knights"]
[WhiteTeamCountry "NOR"]
[BlackTeamCountry "NOR"]

1. Nf3 Nf6 2. c4 c6 3. e3 d5 4. Nc3 e6 5. b3 Bd6 6. Bb2 Nbd7 7. Qc2 0-0 8. Be2 Qe7 9. d4 e5 10. dxe5 Nxe5 11. cxd5 cxd5 12. 0-0 Rd8 13. Nb5 Bb8 14. Nxe5 Bxe5 15. Bxe5 Qxe5 16. Rfc1 Bg4 17. Bxg4 Nxg4 18. Qc7 Qf6 19. Qg3 h5 20. Rc3 Rac8 21. Rac1 Rxc3 22. Rxc3 Qf5 23. Rc1 Rc8 24. Rf1 Qe5 25. Qxe5 Nxe5 26. Nd4 1/2-1/2

[Event "Fagernes Norsk op"]
[Site "Fagernes"]
[Date "2013.03.24"]
[Round "2"]
[White "Astrup, Kim"]
[Black "Elsness, Frode"]
[Result "1/2-1/2"]
[WhiteElo "2256"]
[BlackElo "2483"]
[PlyCount "120"]
[EventDate "2013.03.24"]
[EventType "swiss"]
[EventRounds "9"]
[EventCountry "NOR"]
[SourceTitle "CBM 153 Extra"]
[Source "ChessBase"]
[SourceDate "2013.04.22"]
[SourceVersion "1"]
[SourceVersionDate "2013.04.22"]
[SourceQuality "1"]

1. Nf3 c5 2. c4 Nc6 3. Nc3 g6 4. e3 Nf6 5. d4 cxd4 6. exd4 d5 7. cxd5 Nxd5 8. Qb3 Nxc3 9. Bc4 Nd5 10. Bxd5 e6 11. Bxc6+ bxc6 12. 0-0 f6 13. Be3 Qd5 14. Rfc1 Bd6 15. Nd2 0-0 16. Qc2 Rb8 17. Ne4 Be7 18. Nc3 Qh5 19. Ne2 g5 20. Ng3 Qh4 21. f3 Bd7 22. Bf2 Qh6 23. Ne4 Qg6 24. Qe2 Rb5 25. Bg3 Rd5 26. Rc4 Qf7 27. Nc3 Ra5 28. b4 Ra6 29. Ne4 Rb6 30. Nc5 Bxc5 31. bxc5 Rb7 32. Bd6 Re8 33. Ra4 Qg6 34. Rf1 h5 35. Qe4 Kf7 36. h3 Ra8 37. Ra6 Rb2 38. Re1 Qxe4 39. fxe4 Rd2 40. e5 f5 41. Rb1 Kg6 42. Ra5 f4 43. Rb7 Be8 44. Raxa7 Rxa7 45. Rxa7 g4 46. hxg4 hxg4 47. Re7 g3 48. Kf1 Rf2+ 49. Kg1 Rxa2 50. Kf1 Rf2+ 51. Kg1 Rd2 52. Kf1 Bf7 53. Rc7 Rxd4 54. Ke2 Ra4 55. Kf3 Ra2 56. Kxf4 Rxg2 57. Rxc6 Be8 58. Rc8 Bd7 59. Rg8+ Kf7 60. Rxg3 Rxg3 1/2-1/2

[Event "NOR-chT 1213"]
[Site "Norway"]
[Date "2012.11.02"]
[Round "1"]
[White "Astrup, Kim"]
[Black "Hansen, Torbjorn Ringdal"]
[Result "0-1"]
[WhiteElo "2256"]
[BlackElo "2444"]
[PlyCount "66"]
[EventDate "2012.11.02"]
[EventType "team-tourn"]
[EventRounds "9"]
[EventCountry "NOR"]
[SourceTitle "EXT 2013"]
[Source "ChessBase"]
[SourceDate "2012.11.22"]
[SourceVersion "1"]
[SourceVersionDate "2012.11.22"]
[SourceQuality "1"]
[WhiteTeam "SOSS"]
[BlackTeam "Oslo SK 1911"]
[WhiteTeamCountry "NOR"]
[BlackTeamCountry "NOR"]

1. Nf3 Nf6 2. c4 g6 3. Nc3 Bg7 4. e4 d6 5. d4 0-0 6. h3 Qe8 7. Be3 Na6 8. Be2 e5 9. d5 Nh5 10. a3 f5 11. b4 Nf4 12. Bf1 Bd7 13. c5 Qe7 14. c6 bxc6 15. dxc6 Bxc6 16. b5 fxe4 17. bxc6 exf3 18. gxf3 Nc5 19. Bxc5 dxc5 20. Ne4 Rad8 21. Qb3+ Kh8 22. h4 Rd4 23. Rc1 Bh6 24. Rb1 Rfd8 25. h5 gxh5 26. Bc4 h4 27. Qb5 h3 28. Be2 Qh4 29. Ng3 h2 30. Bf1 Ng6 31. Bg2 Bf4 32. Ne4 Rxe4+ 33. fxe4 Qg4 0-1

[Event "Pula op 25th"]
[Site "Pula"]
[Date "2011.06.20"]
[Round "3"]
[White "Tratar, Marko"]
[Black "Astrup, Kim"]
[Result "1-0"]
[WhiteElo "2489"]
[BlackElo "2256"]
[PlyCount "61"]
[EventDate "2011.06.18"]
[EventType "swiss"]
[EventRounds "9"]
[EventCountry "CRO"]
[SourceTitle "CBM 143 Extra"]
[Source "ChessBase"]
[SourceDate "2011.08.29"]
[SourceVersion "1"]
[SourceVersionDate "2011.08.29"]
[SourceQuality "1"]

1. Nf3 d6 2. c4 f5 3. d4 Nf6 4. g3 g6 5. Bg2 Bg7 6. b3 0-0 7. Bb2 Ne4 8. Nbd2 Nc6 9. Nxe4 fxe4 10. Ng5 e5 11. Nxe4 Nxd4 12. e3 Nf5 13. Qd5+ Kh8 14. Qd2 Rb8 15. Nc3 Be6 16. Rd1 Qg5 17. 0-0 a6 18. Qc2 Qh5 19. c5 dxc5 20. Nd5 c4 21. Nxc7 cxb3 22. Qe4 Nxg3 23. hxg3 Bg4 24. f3 Bf5 25. g4 Bxe4 26. gxh5 Bf5 27. e4 Bc8 28. h6 Bxh6 29. Bxe5+ Kg8 30. axb3 Be3+ 31. Kh2 1-0

[Event "NOR-chT 1011"]
[Site "Oslo"]
[Date "2011.01.23"]
[Round "6"]
[White "Astrup, Kim"]
[Black "Bjerke, Silje"]
[Result "1-0"]
[WhiteElo "2274"]
[BlackElo "2186"]
[PlyCount "105"]
[EventDate "2010.11.05"]
[EventType "team-tourn"]
[EventRounds "9"]
[EventCountry "NOR"]
[SourceTitle "EXT 2012"]
[Source "ChessBase"]
[SourceDate "2011.11.24"]
[SourceVersion "1"]
[SourceVersionDate "2011.11.24"]
[SourceQuality "1"]
[WhiteTeam "SOSS"]
[BlackTeam "Oslo SK 1911"]
[WhiteTeamCountry "NOR"]
[BlackTeamCountry "NOR"]

1. Nf3 d5 2. g3 Nf6 3. c4 c6 4. Bg2 dxc4 5. 0-0 Be6 6. a4 g6 7. Na3 Bd5 8. Qc2 Bg7 9. Nxc4 Na6 10. a5 0-0 11. d3 Nb4 12. Qa4 c5 13. Be3 Qc8 14. Rfc1 Ng4 15. Bh3 Nxd3 16. exd3 Bxf3 17. Nd2 Bc6 18. Qxg4 Qxg4 19. Bxg4 Bxb2 20. Bxc5 Rfd8 21. Be2 Bxa1 22. Rxa1 Rd5 23. Be3 a6 24. Bb6 Re5 25. Bf1 Rb5 26. Re1 Kf8 27. Nc4 f6 28. d4 Rc8 29. Ne3 Rb2 30. Bh3 Re8 31. d5 Bb5 32. Be6 Rd2 33. Rc1 Be2 34. Kg2 Bd3 35. g4 Be4+ 36. Kg3 h5 37. gxh5 gxh5 38. f3 Bd3 39. Rc7 h4+ 40. Kxh4 Rxh2+ 41. Kg3 Re2 42. Bc5 f5 43. d6 Kg7 44. d7 Rf8 45. Bd4+ Kg6 46. Kf4 Rh2 47. Nd5 Rh4+ 48. Ke3 Bb5 49. Nxe7+ Kg5 50. Nd5 Rh2 51. d8Q+ Rxd8 52. Rg7+ Kh5 53. Bf7+ 1-0

[Event "Rilton Cup 40th"]
[Site "Stockholm"]
[Date "2011.01.05"]
[Round "9"]
[White "Lindgren, Philip"]
[Black "Astrup, Kim"]
[Result "1-0"]
[WhiteElo "2091"]
[BlackElo "2274"]
[PlyCount "120"]
[EventDate "2010.12.27"]
[EventType "swiss"]
[EventRounds "9"]
[EventCountry "SWE"]
[SourceTitle "CBM 140 Extra"]
[Source "ChessBase"]
[SourceDate "2011.03.01"]
[SourceVersion "1"]
[SourceVersionDate "2011.03.01"]
[SourceQuality "1"]

1. d4 d6 2. Nf3 g6 3. c4 f5 4. g3 Nf6 5. Bg2 Bg7 6. 0-0 0-0 7. Nc3 c6 8. d5 Bd7 9. Nd4 Qb6 10. e3 Na6 11. Rb1 Nc7 12. b4 e5 13. dxe6 Nxe6 14. Nde2 Rad8 15. Qb3 Kh8 16. Rd1 Bc8 17. Bb2 Ng5 18. Rd3 Be6 19. Rbd1 Qc7 20. Nd4 Bg8 21. b5 Nge4 22. Nxe4 Nxe4 23. Qc2 Rfe8 24. Rc1 h6 25. Ne2 Be5 26. Bxe5+ Rxe5 27. Qb2 Kh7 28. Rdd1 Rc5 29. Qd4 Ng5 30. bxc6 bxc6 31. Nf4 Ne6 32. Nxe6 Bxe6 33. h4 Qe7 34. Bf3 Rd7 35. Kg2 Qf7 36. Qf4 Qe7 37. Qd4 Qg7 38. Qf4 Qe7 39. Qd4 Kg8 40. Qf4 Kg7 41. Qd4+ Qf6 42. Qd3 g5 43. hxg5 hxg5 44. Kg1 f4 45. exf4 gxf4 46. Kg2 fxg3 47. fxg3 Rf5 48. Rh1 Rf7 49. Rcf1 d5 50. cxd5 Rxf3 51. Rh7+ Kg8 52. Rxf7 Rxd3 53. R7xf6 Bxd5+ 54. Kh3 Kg7 55. R6f2 Be6+ 56. Kh4 Ra3 57. Re1 Ra4+ 58. Rf4 Rxf4+ 59. gxf4 Bxa2 60. Ra1 Bd5 1-0

[Event "Rilton Cup 40th"]
[Site "Stockholm"]
[Date "2011.01.02"]
[Round "6"]
[White "Astrup, Kim"]
[Black "Brynell, Stellan"]
[Result "0-1"]
[WhiteElo "2274"]
[BlackElo "2492"]
[PlyCount "54"]
[EventDate "2010.12.27"]
[EventType "swiss"]
[EventRounds "9"]
[EventCountry "SWE"]
[SourceTitle "CBM 140 Extra"]
[Source "ChessBase"]
[SourceDate "2011.03.01"]
[SourceVersion "1"]
[SourceVersionDate "2011.03.01"]
[SourceQuality "1"]

1. Nf3 Nf6 2. c4 e6 3. g3 d5 4. Bg2 Be7 5. 0-0 0-0 6. b3 b6 7. Bb2 Bb7 8. e3 Nbd7 9. Nc3 Ne4 10. Ne2 Bf6 11. Bxf6 Qxf6 12. d3 Nd6 13. Rc1 dxc4 14. Nf4 e5 15. Nh3 cxd3 16. Rxc7 Rfd8 17. Rxb7 Nxb7 18. Nfg5 Rab8 19. Qxd3 Nf8 20. Qa6 Nc5 21. Qxa7 h6 22. Ne4 Nxe4 23. Bxe4 Qe6 24. Bg2 Rbc8 25. f4 exf4 26. Nxf4 Qxe3+ 27. Kh1 Rc1 0-1

[Event "Rilton Cup 40th"]
[Site "Stockholm"]
[Date "2010.12.28"]
[Round "2"]
[White "Astrup, Kim"]
[Black "Wiander, Michael"]
[Result "1-0"]
[WhiteElo "2274"]
[BlackElo "2158"]
[PlyCount "73"]
[EventDate "2010.12.27"]
[EventType "swiss"]
[EventRounds "9"]
[EventCountry "SWE"]
[SourceTitle "CBM 140 Extra"]
[Source "ChessBase"]
[SourceDate "2011.03.01"]
[SourceVersion "1"]
[SourceVersionDate "2011.03.01"]
[SourceQuality "1"]

1. c4 c5 2. g3 Nc6 3. Bg2 g6 4. Nc3 Bg7 5. Nf3 e5 6. 0-0 Nge7 7. Ne1 0-0 8. a3 d6 9. Nc2 a5 10. Rb1 Be6 11. Ne3 f5 12. Ned5 Rb8 13. d3 h6 14. Bd2 Qd7 15. b4 axb4 16. axb4 cxb4 17. Nxb4 Nxb4 18. Rxb4 d5 19. cxd5 Nxd5 20. Nxd5 Bxd5 21. Bxd5+ Qxd5 22. Qb3 Qxb3 23. Rxb3 b5 24. Rfb1 Rfc8 25. Be3 Rc2 26. Kf1 Rf8 27. Rxb5 f4 28. Bc5 Rf7 29. f3 h5 30. Bd6 fxg3 31. hxg3 Rf5 32. Rb8+ Kh7 33. R1b7 Kh6 34. Rg8 Rc6 35. Bb4 Bf6 36. Bd2+ Bg5 37. Rh8# 1-0

[Event "NOR-chT 0910"]
[Site "Norway"]
[Date "2010.01.10"]
[Round "6"]
[White "Bjerke, Silje"]
[Black "Astrup, Kim"]
[Result "0-1"]
[WhiteElo "2218"]
[BlackElo "2225"]
[PlyCount "66"]
[EventDate "2009.11.06"]
[EventType "team"]
[EventRounds "9"]
[EventCountry "NOR"]
[SourceTitle "EXT 2011"]
[Source "ChessBase"]
[SourceDate "2010.11.26"]
[SourceVersion "1"]
[SourceVersionDate "2010.11.26"]
[SourceQuality "1"]
[WhiteTeam "Oslo SK 1911"]
[BlackTeam "SOSS"]
[WhiteTeamCountry "NOR"]
[BlackTeamCountry "NOR"]

1. e4 d6 2. d4 Nf6 3. Nc3 g6 4. Be3 Bg7 5. Qd2 0-0 6. h3 e5 7. dxe5 dxe5 8. 0-0-0 Nbd7 9. Nf3 Qe7 10. g4 c6 11. g5 Nh5 12. Ne1 Nc5 13. Nd3 Nxd3+ 14. Bxd3 Rd8 15. Ne2 Be6 16. Qc3 Nf4 17. Ng3 Nxh3 18. Nf5 Bxf5 19. exf5 Nxg5 20. Qd2 Nf3 21. Qe2 e4 22. fxg6 hxg6 23. Bc4 b5 24. Bb3 a5 25. a4 Qb4 26. Bh6 Bf6 27. Qe3 bxa4 28. Qf4 Qe7 29. Ba2 Rdb8 30. c3 Rxb2 31. Bf8 Kxf8 32. Qh6+ Bg7 33. Qe3 Qa3 0-1

[Event "NOR-chT 0910"]
[Site "Norway"]
[Date "2009.11.06"]
[Round "1"]
[White "Astrup, Kim"]
[Black "Haugli, Petter"]
[Result "1/2-1/2"]
[WhiteElo "2225"]
[BlackElo "2314"]
[PlyCount "63"]
[EventDate "2009.11.06"]
[EventType "team"]
[EventRounds "9"]
[EventCountry "NOR"]
[SourceTitle "EXT 2011"]
[Source "ChessBase"]
[SourceDate "2010.11.26"]
[SourceVersion "1"]
[SourceVersionDate "2010.11.26"]
[SourceQuality "1"]
[WhiteTeam "SOSS"]
[BlackTeam "Moss"]
[WhiteTeamCountry "NOR"]
[BlackTeamCountry "NOR"]

1. c4 Nf6 2. Nf3 c5 3. Nc3 Nc6 4. g3 e6 5. Bg2 Qb6 6. 0-0 Be7 7. b3 0-0 8. Bb2 d5 9. cxd5 exd5 10. d4 c4 11. Ne5 Be6 12. Na4 Qb5 13. bxc4 dxc4 14. Nxc6 bxc6 15. Rb1 Bf5 16. Nc3 Qa6 17. e4 Bg4 18. Qc2 Rfd8 19. h3 Be6 20. Rbd1 Rab8 21. d5 cxd5 22. exd5 Bf5 23. Qxf5 Rxb2 24. Qe5 Bd6 25. Qd4 Nd7 26. Qh4 Re8 27. Rfe1 Rbb8 28. Rxe8+ Rxe8 29. Be4 g6 30. Bc2 Qb6 31. Rb1 Qa5 32. Qxc4 1/2-1/2

[Event "NOR-chT Clubs"]
[Site "Oslo"]
[Date "2008.05.04"]
[Round "6"]
[White "Astrup, Kim"]
[Black "Burchard, Ingar Berg"]
[Result "1-0"]
[WhiteElo "2115"]
[BlackElo "1574"]
[PlyCount "44"]
[EventDate "2008.05.01"]
[EventType "team-swiss"]
[EventRounds "6"]
[EventCountry "NOR"]
[SourceTitle "EXT 2010"]
[Source "ChessBase"]
[SourceDate "2010.11.25"]
[SourceVersion "1"]
[SourceVersionDate "2010.11.25"]
[SourceQuality "1"]

1. Nf3 c5 2. c4 Nc6 3. g3 g6 4. Bg2 Bg7 5. Nc3 Nf6 6. d4 cxd4 7. Nxd4 Qb6 8. Nb3 a6 9. c5 Qc7 10. 0-0 0-0 11. Bf4 e5 12. Bg5 h6 13. Bxf6 Bxf6 14. Nd5 Qd8 15. Qd2 Kg7 16. Nb6 Rb8 17. Nc4 Nd4 18. e3 Nxb3 19. axb3 Qc7 20. Qd5 b5 21. cxb6 Qd8 22. Qd6 Kg8 1-0

[Event "NOR-chT Clubs"]
[Site "Oslo"]
[Date "2008.05.02"]
[Round "2"]
[White "Trygstad, Kristian J"]
[Black "Astrup, Kim"]
[Result "0-1"]
[WhiteElo "2320"]
[BlackElo "2115"]
[PlyCount "104"]
[EventDate "2008.05.01"]
[EventType "team-swiss"]
[EventRounds "6"]
[EventCountry "NOR"]
[SourceTitle "EXT 2010"]
[Source "ChessBase"]
[SourceDate "2010.11.25"]
[SourceVersion "1"]
[SourceVersionDate "2010.11.25"]
[SourceQuality "1"]

1. e4 d6 2. d4 Nf6 3. Nc3 g6 4. Be3 c6 5. h3 Nbd7 6. f4 b5 7. Bd3 Nb6 8. Qf3 Bb7 9. e5 Nfd5 10. Nxd5 Nxd5 11. Qxd5 Qa5+ 12. Bd2 Qxd2+ 13. Kxd2 cxd5 14. Bxb5+ Kd8 15. exd6 e6 16. d7 Bd6 17. g3 Rb8 18. Nf3 Ba8 19. Ba4 Ke7 20. Rhf1 Rb6 21. b3 f6 22. c4 dxc4 23. bxc4 Ra6 24. Bb3 Kxd7 25. Kd3 Bc7 26. Nd2 Bg2 27. Rg1 Bc6 28. c5 Rb8 29. Bc4 Ra3+ 30. Nb3 a5 31. Kc3 Rb4 32. Rge1 Bd5 33. Bxd5 exd5 34. Kb2 Raa4 35. Rac1 Rb8 36. Red1 Rc4 37. Ka1 a4 38. Rxc4 dxc4 39. Nd2 Ba5 40. Nb1 Kc6 41. Rc1 Kd5 42. c6 Kxd4 43. c7 Bxc7 44. Nc3 a3 45. Nb1 Ba5 46. g4 Kd3 47. f5 gxf5 48. gxf5 Bb4 49. Rg1 Bd6 50. Rd1+ Kc2 51. Rd2+ Kc1 52. Rxd6 Rxb1# 0-1

[Event "North Sea Cup 19th"]
[Site "Esbjerg"]
[Date "2004.07.03"]
[Round "1"]
[White "Astrup, Kim"]
[Black "Bernhardsson, Sten Hilding G"]
[Result "1/2-1/2"]
[WhiteElo "2170"]
[BlackElo "2115"]
[PlyCount "89"]
[EventDate "2004.07.03"]
[EventType "swiss"]
[EventRounds "9"]
[EventCountry "DEN"]
[SourceTitle "CBM 101 Extra"]
[Source "ChessBase"]
[SourceDate "2004.09.01"]
[SourceVersion "2"]
[SourceVersionDate "2004.09.01"]
[SourceQuality "1"]

1. e4 d5 2. exd5 Nf6 3. d4 Nxd5 4. c4 Nb6 5. Nc3 e5 6. dxe5 Qxd1+ 7. Kxd1 Nc6 8. f4 Bg4+ 9. Ke1 Nb4 10. Kf2 Nc2 11. Rb1 Bf5 12. Be2 Bc5+ 13. Kg3 h5 14. h4 Nd4 15. Ra1 0-0-0 16. b3 Nc2 17. Rb1 Ne1 18. Ra1 Bb4 19. Bb2 Nd3 20. a3 Bc5 21. Bxd3 Rxd3+ 22. Nf3 Rhd8 23. Rad1 Rxd1 24. Nxd1 Bc2 25. b4 Rxd1 26. Rxd1 Bxd1 27. bxc5 Nxc4 28. Bc1 Bxf3 29. Kxf3 Kd7 30. Ke4 Kc6 31. Kf5 Kd5 32. Kg5 b5 33. cxb6 cxb6 34. Kxh5 b5 35. Kg5 a5 36. Kf5 Nxa3 37. Bxa3 b4 38. Bc1 a4 39. g4 a3 40. g5 Kc4 41. g6 fxg6+ 42. Kxg6 Kc3 43. e6 a2 44. e7 a1Q 45. e8Q 1/2-1/2